Advanced Economic Theory
I tiakina i:
| Kaituhi matua: | |
|---|---|
| Hōputu: | Pukapuka |
| I whakaputaina: |
S. Chand
|
| Ngā marau: | |
| Ngā Tūtohu: |
Kāore He Tūtohu, Me noho koe te mea tuatahi ki te tūtohu i tēnei pūkete!
|
MARC
| LEADER | 00000nam a2200000Ia 4500 | ||
|---|---|---|---|
| 005 | 20260427112715.0 | ||
| 526 | |b Economics | ||
| 100 | |a H.L. Ahuja | ||
| 020 | |a 9789352837335 | ||
| 650 | |a Economic Theory | ||
| 526 | |a Bachelors | ||
| 942 | |c BK | ||
| 245 | |a Advanced Economic Theory | ||
| 260 | |b S. Chand | ||
| 999 | |c 93 |d 93 | ||
| 952 | |0 0 |1 0 |4 0 |7 0 |8 1 |a BRISTOL |b BRISTOL |d 2026-04-22 |l 0 |p 000002 |r 2026-04-27 11:27:16 |w 2026-04-27 |y BK | ||